Gobernantes de Argentina (1810-2027) - Estadísticas

Estadísticas generales
  • Esta prueba ha sido intentada 13 veces
  • La puntuación promedio es 56 de 92
Estadísticas de respuestas
Hint Respuesta % Correcto
1826-1827 Bernardino Rivadavia
100%
1989-1999 Carlos Menem
100%
2023-2027 Javier Milei
100%
1946-1955 Juan Domingo Perón
100%
1892-1895 Luis Sáenz Peña
100%
2015-2019 Mauricio Macri
100%
2003-2007 Néstor Kirchner
100%
1910-1914 Roque Sáenz Peña
100%
2019-2023 Alberto Fernández
89%
1958-1962 Arturo Frondizi
89%
1963-1966 Arturo Umberto Illia
89%
1862-1868 Bartolomé Mitre
89%
Ene-Abr 1815 Carlos María de Alvear
89%
2007-2015 Cristina Fernández de Kirchner
89%
2002-2003 Eduardo Duhalde
89%
1999-2001 Fernando de la Rúa
89%
May-Jul 1973 Héctor José Cámpora
89%
1916-1922 Hipólito Yrigoyen
89%
1976-1981 Jorge Rafael Videla
89%
1895-1898 José Evaristo Uriburu
89%
1930-1932 José Félix Uriburu
89%
1966-1970 Juan Carlos Onganía
89%
1835-1852 Juan Manuel de Rosas
89%
1854-1860 Justo José de Urquiza
89%
1922-1928 Marcelo Torcuato de Alvear
89%
1886-1890 Miguel Juárez Celman
89%
1874-1880 Nicolás Avellaneda
89%
1983-1989 Raúl Alfonsín
89%
1932-1938 Agustín Pedro Justo
78%
1880-1886 Julio Argentino Roca
78%
1981-1982 Leopoldo Fortunato Galtieri
78%
1974-1976 María Estela Martínez de Perón
78%
1820-1824 Martín Rodríguez
78%
1955-1958 Pedro Eugenio Aramburu
78%
Dic 2001 Ramón Puerta
78%
Mar-Dic 1981 Roberto Eduardo Viola
78%
1938-1942 Roberto Marcelino Ortiz
78%
1860-1861 Santiago Derqui
78%
Dic 2001 Adolfo Rodríguez Saá
67%
1971-1973 Alejandro Agustín Lanusse
67%
1890-1892 Carlos Pellegrini
67%
1868-1874 Domingo Faustino Sarmiento
67%
1944-1946 Edelmiro Julián Farrell
67%
Sep 1930 Enrique Martínez
67%
1943-1944 Pedro Pablo Ramírez
67%
1942-1943 Ramón Castillo
67%
1914-1916 Victorino de la Plaza
67%
Jun-Jul 1982 Alfredo Óscar Saint-Jean
56%
2001-2002 Eduardo Camaño
56%
Sep-Nov 1955 Eduardo Lonardi
56%
1906-1910 José Figueroa Alcorta
56%
1962-1963 José María Guido
56%
1828-1829 Juan Galo Lavalle
56%
Juan José Paso
56%
Manuel Dorrego
56%
1982-1983 Reynaldo Bignone
56%
1970-1971 Roberto Marcelo Levingston
56%
Abr-Jul 1816 Antonio González Balcarce
44%
Jun 1943 Arturo Rawson
44%
Abr 1815 Juan José Viamonte
44%
1816-1819 Juan Martín de Pueyrredón
44%
Juan Ramón Balcarce
44%
1865-1868 Marcos Paz
44%
Jul-Oct 1973 Raúl Alberto Lastiri
44%
Jul-Ago 1827 Vicente López y Planes
44%
Antonio Álvarez Jonte
33%
Dic 2015 Federico Pinedo
33%
Feliciano Antonio Chiclana
33%
1814-1815 Gervasio Antonio de Posadas
33%
1815-1816 Ignacio Álvarez Thomas
33%
1819-1820 José Rondeau
33%
1824-1826 Juan Gregorio de las Heras
33%
1904-1906 Manuel Quintana
33%
1834-1835 Manuel Vicente Maza
33%
Feb 1820 Matías de Irigoyen
33%
Nicolás Rodríguez Peña
33%
May-Dic 1810 Primera Junta
33%
Cabildo de Buenos Aires
22%
Dic 1981 Carlos Alberto Lacoste
22%
May-Jun 1820 Idelfonso Ramos Mexía
22%
Sep-Oct 1975 Ítalo Luder
22%
Nov-Dic 1861 Juan Esteban Pedernera
22%
Feb 1820 Juan Pedro Aguirre
22%
1810-1811 Junta Grande
22%
Manuel de Sarratea
22%
Miguel Estanislao Soler
22%
1811-1812 Primer Triunvirato
22%
1812-1814 Segundo Triunvirato
22%
Ene 1868 Gabinete de Ministros
11%
Nov-Dic 1981 Horacio Tomás Liendo
11%
Sep 1955 José Domingo Molina
11%
Junta Militar
11%
No se encontraron pruebas coincidentes
Distribución de puntuación
Porcentaje de gente con cada puntuación
Porcentaje por número respondido
Historial de tus puntuaciones
No has intentado esta prueba.